| 000 | 00751nam a2200229Ia 4500 | ||
|---|---|---|---|
| 001 | 7372 | ||
| 003 | GE_BSU | ||
| 008 | 181216s||||||||xx |||||||||||||| ||und|| | ||
| 040 | _cGE_BSU | ||
| 080 | _a662.68(035.5) | ||
| 100 | _aГуревич,В.Л. Сосновский,Н.П. | ||
| 245 | _aИзбирательные растворители в переработке нефти. | ||
| 245 | _bСправочная книга. | ||
| 245 | _cред. Н.Х.Манаков. | ||
| 260 | _aМ.-Л. | ||
| 260 | _bГостоптехиздат. | ||
| 260 | _c1953. | ||
| 300 | _a319стр.с илл.22см. | ||
| 300 | _eтабл. | ||
| 653 | _aИзбирательные растворители в переработке нефти. | ||
| 942 | _cBK | ||
| 999 |
_c40733 _d40733 |
||